| 000 | 00706nam a2200217 a 4500 | ||
|---|---|---|---|
| 005 | 20240924071147.0 | ||
| 008 | 991125s1992 bar 000 0 spa u | ||
| 020 | _a8476583222 | ||
| 035 | _aUPN01000041802 | ||
| 049 | _aCG | ||
| 050 | 4 |
_aPQ7081 _bR6.6 |
|
| 100 | 1 |
_aRoss, Waldo, _d1926- |
|
| 245 | 1 | 0 |
_aNuestro imaginario cultural : _bsimbólica literaria hispanoamericana / _cWaldo Ross ; epílogo de Andrés Ortiz-Osés. |
| 260 |
_aBarcelona, Esp. : _bAnthropos, _c1992. |
||
| 300 | _a414 p. | ||
| 440 | 0 |
_aAutores, textos y temas. _pHemeneusis ; _v11 |
|
| 650 | 4 |
_aHermenéutica _95799 |
|
| 650 | 2 |
_aLiteratura hispanoamericana _91091 |
|
| 650 | 4 |
_aMITOLOGIA EN LA LITERATURA _914851 |
|
| 905 | _aLibro | ||
| 999 |
_c41802 _d41802 |
||